Museo Histórico Nacional Casa del Virrey Liniers : Alta Gracia – Córdoba - Argentina /

Gespeichert in:
Bibliographische Detailangaben
Körperschaft: Museo Histórico Nacional Casa del Virrey Liniers
Format: Buch
Sprache:Spanisch
Veröffentlicht: Córdoba, Argentina : Asociación de Amigos del Museo Casa del Virrey Liniers : Banco Suquía, fecha no identificada
Tags: Tag hinzufügen
Keine Tags, Fügen Sie das erste Tag hinzu!

MARC

LEADER 00000nam^a2200000^a^4500
001 000450146
005 20250526000000.0
009 20260310123740.873
037 |a Acervo Xavier Clavigero 
041 |a ESP 
091 |a FCA. 03222 
110 |a Museo Histórico Nacional Casa del Virrey Liniers 
245 1 0 |a Museo Histórico Nacional Casa del Virrey Liniers :  |b Alta Gracia – Córdoba - Argentina / 
264 1 |a Córdoba, Argentina :  |b Asociación de Amigos del Museo Casa del Virrey Liniers :  |b Banco Suquía,  |c fecha no identificada 
300 |a 25 p. ;  |c 24.0 cm. 
336 |a texto  |b txt  |2 rdacontenido 
337 |a sin mediación  |b n  |2 rdamedio 
338 |a volumen  |b nc  |2 rdasoporte 
649 |a XX 
910 |a Fondo Xavier Cacho Vázquez S.J. 
920 |a Impresos - Libros 
930 |a Libros Antiguos y Raros 
905 |a 108 
901 |a 0500379968  |b IT2  |c LRA  |i D  |u 20250526 
902 |a https://opac.biblio.iteso.mx/vufind/Record/000450146